000 00552nam a2200217Ia 4500
003 OSt
005 20220928142601.0
006 a|||||r|||| 00| 0
007 ta
008 220927b |||||||| |||| 00| 0 eng d
024 _a19932
037 _cTextual
040 _aSDCL
_cSDCL
_beng
041 _2eng
_aeng
082 _aW65.2'N9, N7
100 _aUpmanyu Shaileja
_9503758
245 0 _aState in the Indian political systems
260 _c1997
942 _hW65.2'N9, N7
_cTEXL
_2CC
999 _c822078
_d822078